[Event "ICS Rated blitz match"]
[Site "204.178.125.65"]
[Date "1999.08.19"]
[Round "?"]
[White "PostModernist"]
[Black "Hossa"]
[Result "0-1"]
[WhiteElo "2551"]
[BlackElo "2485"]
[PlyCount "142"]

1. Nf3 g6 2. e4 Bg7 3. d4 d6 4. Be2 f5 5. exf5 Bxf5 6. O-O Nd7 7. Re1 Ngf6 8.
Ng5 h6 9. Nf3 e5 10. dxe5 dxe5 11. Nh4 Qe7 12. Nxf5 gxf5 13. Qd3 e4 14. Qb5
O-O-O 15. Qxf5 Qf7 16. Nc3 Rhe8 17. Qa5 a6 18. Bxa6 Ng4 19. Nxe4 bxa6 20. Qxa6+
Kb8 21. Be3 Nxe3 22. Rxe3 Qe6 23. Rb3+ Nb6 24. Ng3 Bd4 25. Rf1 Qc8 26. Qxc8+
Kxc8 27. Nf5 Re2 28. Nxh6 Rxc2 29. Nf5 Bxb2 30. g3 Bf6 31. a3 Rb2 32. Re3 Nc4
33. Re6 Rf8 34. Ra6 Kb7 35. Ra4 Nb6 36. Rf4 Be5 37. Rf3 Nc4 38. Ne3 Rxf3 39.
Nxc4 Re2 40. Kg2 Rc3 41. Nxe5 Rxe5 42. a4 Rc4 43. Rb1+ Kc6 44. Ra1 Ra5 45. h4
Rcxa4 46. Rc1+ Rc5 47. Rf1 Rc2 48. Kh3 Rd4 49. f4 Rd3 50. Re1 Rf2 51. Re6+ Kd7
52. Rg6 Rxf4 53. Rg5 Rf1 54. Rg8 Re1 55. Rg5 Kd6 56. Rg6+ Re6 57. Rg5 Ree3 58.
Rg6+ Ke5 59. Rg5+ Kf6 60. Rg4 c5 61. Rf4+ Ke5 62. Rg4 Rxg3+ 63. Rxg3 c4 64. Kg2
Rxg3+ 65. Kxg3 c3 66. Kg4 c2 67. Kh3 Kf4 68. Kg2 c1=Q 69. h5 Qd2+ 70. Kh3 Qf2
71. h6 71... Qg3# {PostModernist checkmated} 0-1

[Event "ICS rated blitz match"]
[Site "204.178.125.65"]
[Date "1999.08.19"]
[Round "?"]
[White "Hossa"]
[Black "Amateur"]
[Result "1-0"]
[WhiteElo "2508"]
[BlackElo "2521"]
[PlyCount "97"]

1. d4 Nf6 2. c4 e6 3. Bg5 Bb4+ 4. Nc3 Bxc3+ 5. bxc3 h6 6. Bxf6 Qxf6 7. e4 O-O
8. Nf3 Qg6 9. Qe2 d6 10. Rb1 Nd7 11. g3 Nf6 12. Nd2 e5 13. Bg2 b6 14. f4 exf4
15. gxf4 Bd7 16. e5 Rae8 17. Qf3 Qc2 18. a3 dxe5 19. fxe5 Be6 20. Rg1 Qa2 21.
Bh1 Nd7 22. Qg3 g5 23. Bc6 Rd8 24. h4 Bf5 25. Rd1 Qxa3 26. hxg5 h5 27. Rg2 Bc2
28. Nb1 Qb3 29. Nd2 Qa2 30. Ne4 Qxc4 31. Rxc2 Qxc6 32. Qf3 Kg7 33. Rh2 Rh8 34.
Rdd2 a5 35. Rde2 Qg6 36. Ng3 Qxg5 37. Nxh5+ Kf8 38. e6 Qg1+ 39. Kd2 Ne5 40.
Rxe5 Rxd4+ 41. cxd4 Qxd4+ 42. Kc2 Qc4+ 43. Kb1 Qb4+ 44. Rb2 Qe4+ 45. Rxe4 f5
46. Qxf5+ Ke7 47. Qf7+ Kd6 48. Qd7+ Kc5 49. Rb5# {Amateur checkmated} 1-0

[Event "ICS rated blitz match"]
[Site "204.178.125.65"]
[Date "1999.08.19"]
[Round "?"]
[White "Spendrups"]
[Black "Hossa"]
[Result "1-0"]
[WhiteElo "2569"]
[BlackElo "2525"]
[PlyCount "79"]

1. e4 e6 2. d4 d5 3. Nc3 Bb4 4. e5 Ne7 5. Bd2 O-O 6. Bd3 f6 7. exf6 Rxf6 8. Nf3
c5 9. a3 cxd4 10. axb4 dxc3 11. Bxc3 Rf4 12. Qd2 Qf8 13. Be5 Rg4 14. h3 Rxg2
15. Nh4 Nbc6 16. Bd6 Rg6 17. Nxg6 hxg6 18. Qg5 Qd8 19. Bxe7 Qxe7 20. Qxg6 Nxb4
21. Qh7+ Kf8 22. Qh8+ Kf7 23. O-O-O Qf6 24. Bh7 Qh6+ 25. Kb1 Ke7 26. Rdg1 g5
27. f4 Kd7 28. fxg5 Qh4 29. Rg4 Qf2 30. Rxb4 Qg2 31. Qg7+ Kc6 32. Be4 Qe2 33.
Qc3+ Kd7 34. g6 dxe4 35. g7 b5 36. Rd4+ Ke7 37. g8=Q Qc4 38. Qg5+ Ke8 39. Rd8+
Kf7 40. Qgf6# {Hossa checkmated} 1-0

[Event "ICS rated blitz match"]
[Site "204.178.125.65"]
[Date "1999.08.19"]
[Round "?"]
[White "Hossa"]
[Black "PostModernist"]
[Result "1-0"]
[WhiteElo "2511"]
[BlackElo "2520"]
[PlyCount "80"]

1. d4 d5 2. c4 c6 3. Nc3 Nf6 4. cxd5 cxd5 5. f3 e6 6. Bg5 Be7 7. Rc1 Nc6 8. e3
O-O 9. Bb5 a6 10. Bxc6 bxc6 11. Nge2 Rb8 12. Qd2 Bd7 13. e4 dxe4 14. fxe4 Ng4
15. Bxe7 Qxe7 16. h3 Nf6 17. e5 Nd5 18. O-O Rfe8 19. Rf3 Qh4 20. Nxd5 exd5 21.
Rcc3 Rb7 22. b3 Qe7 23. Rc2 Rb4 24. Rf2 Rb6 25. Qa5 Reb8 26. Rc3 Qg5 27. Rcf3
Be6 28. Qc5 Kh8 29. Rf1 Qh4 30. Rf4 Qg5 31. R1f3 Qg6 32. Nc3 Kg8 33. Kh1 Kh8
34. Kh2 Kg8 35. Na4 Rb5 36. Qxc6 a5 37. Nc3 R5b7 38. Nxd5 Qh5 39. Nc7 g5 40.
Ne8 40... Kf8 {PostModernist resigns} 1-0

[Event "ICS rated blitz match"]
[Site "204.178.125.65"]
[Date "1999.08.19"]
[Round "?"]
[White "Hossa"]
[Black "bookbuilder"]
[Result "0-1"]
[WhiteElo "2527"]
[BlackElo "2664"]
[PlyCount "54"]

1. d4 d5 2. c4 e6 3. Nc3 dxc4 4. e4 e5 5. dxe5 Qxd1+ 6. Kxd1 Bg4+ 7. f3 Be6 8.
Nb5 Na6 9. Be3 Rd8+ 10. Kc2 Ne7 11. Nd4 Nb4+ 12. Kc3 Nd3 13. f4 Bd7 14. Bxd3
cxd3 15. Rd1 Nc6 16. Rxd3 Nb4 17. Rd1 c5 18. a3 cxd4+ 19. Bxd4 Rc8+ 20. Kb3
Be6+ 21. Ka4 Rc4 22. Kb5 Rc6 23. b3 Nc2 24. Bc5 Bxc5 25. Ka4 Be7 26. Nh3 Ra6+
27. Kb5 27... Nxa3# {Hossa checkmated} 0-1

[Event "ICS rated blitz match"]
[Site "204.178.125.65"]
[Date "1999.08.19"]
[Round "?"]
[White "PostModernist"]
[Black "Hossa"]
[Result "0-1"]
[WhiteElo "2504"]
[BlackElo "2517"]
[PlyCount "100"]

1. d4 Nf6 2. c4 e6 3. Nc3 Bb4 4. Qc2 Nc6 5. Nf3 d5 6. a3 Bxc3+ 7. Qxc3 Ne7 8.
e3 Ne4 9. Qc2 Nd6 10. c5 Ndf5 11. Bd3 Bd7 12. O-O a6 13. Bd2 Bb5 14. Bxb5+ axb5
15. g4 Nh6 16. Qb3 c6 17. h3 O-O 18. Rfe1 Kh8 19. e4 Nhg8 20. e5 Qd7 21. a4
bxa4 22. Rxa4 Ng6 23. Rea1 Rxa4 24. Rxa4 f6 25. Ra7 fxe5 26. Nxe5 Nxe5 27. dxe5
Rf7 28. Qe3 Qc8 29. f4 Qf8 30. Qd4 Qb8 31. Ra5 Ne7 32. b4 Ng6 33. Kg2 Kg8 34.
Kg3 Qd8 35. Ra1 h5 36. g5 Qf8 37. Ra7 h4+ 38. Kg4 Kh8 39. Be3 Qc8 40. Qd3 Rf5
41. Qd4 Kg8 42. Qa1 Kh7 43. Ra8 Qd7 44. Qd4 Qe7 45. Ra1 Qf8 46. Rg1 Qh8 47. Ra1
Nxe5+ 48. Qxe5 Rxe5 49. fxe5 Kg6 50. Kf3 50... Qf8+ {PostModernist resigns} 0-1

[Event "ICS Rated blitz match"]
[Site "204.178.125.65"]
[Date "1999.08.19"]
[Round "?"]
[White "Hossa"]
[Black "cayest"]
[Result "1-0"]
[WhiteElo "2532"]
[BlackElo "2063"]
[PlyCount "49"]

1. d4 Nf6 2. c4 c5 3. d5 b5 4. cxb5 e6 5. Nc3 exd5 6. Nxd5 Bb7 7. Nxf6+ Qxf6 8.
a4 d5 9. Nf3 Nd7 10. a5 Rc8 11. a6 Ba8 12. Qc2 Bd6 13. Bg5 Qe6 14. Nd4 Qg4 15.
Nf5 Bf8 16. Bd2 g6 17. Bc3 f6 18. Ne3 Qe6 19. Rd1 Rb8 20. Qb3 Qf7 21. Nxd5 Rc8
22. e4 Bg7 23. Bc4 Bxd5 24. Bxd5 Qe7 25. Bf7+ {cayest resigns} 1-0

[Event "ICS rated blitz match"]
[Site "204.178.125.65"]
[Date "1999.08.19"]
[Round "?"]
[White "Maup"]
[Black "Hossa"]
[Result "0-1"]
[WhiteElo "2128"]
[BlackElo "2534"]
[PlyCount "144"]

1. d3 Nf6 2. Nd2 e5 3. e3 d5 4. Ne2 Bd6 5. a3 Ng4 6. h3 Nf6 7. g3 O-O 8. Bg2
Be6 9. b3 Qe7 10. Bb2 Qd7 11. Rb1 c5 12. Ra1 Nc6 13. Rb1 b5 14. Ra1 a5 15. a4
b4 16. Ng1 Rad8 17. Qe2 Qe7 18. Rb1 Rd7 19. Rc1 Rfd8 20. Rb1 Rb7 21. Ra1 Rbb8
22. Rb1 Rb6 23. Ra1 Qd7 24. Rb1 Qc7 25. Ra1 Kh8 26. Rb1 Qb7 27. Ra1 Qd7 28. Rb1
Rb7 29. Ra1 Be7 30. Rb1 Rb6 31. Rc1 Kg8 32. Rb1 Qc7 33. Rc1 Rbb8 34. Rb1 Kh8
35. Rc1 Qd6 36. Rb1 Rbc8 37. Rc1 Ra8 38. Rb1 Ra7 39. Ra1 Rad7 40. Rb1 Bf5 41.
Rc1 Bg6 42. Rb1 Kg8 43. Rc1 Bf5 44. Bf1 Qe6 45. Bg2 Rd6 46. Bf1 Bg6 47. Bg2 Bh5
48. Bf3 Bxf3 49. Ngxf3 e4 50. Ng5 Qf5 51. h4 h6 52. dxe4 dxe4 53. Nh3 Rxd2 54.
Qxd2 Qf3 55. Qxd8+ Bxd8 56. O-O Ng4 57. Nf4 g6 58. Rcd1 Nxf2 59. Rxd8+ Nxd8 60.
Rxf2 Qxg3+ 61. Rg2 Qxe3+ 62. Rf2 Qe1+ 63. Kg2 e3 64. Re2 Qxh4 65. Kf3 g5 66.
Ng2 Qh3+ 67. Ke4 f5+ 68. Kd3 f4 69. Bf6 Qf5+ 70. Kc4 Qxf6 71. Nxe3 Qa6+ 72.
Kxc5 72... Qxe2 {Maup resigns} 0-1

[Event "ICS rated blitz match"]
[Site "204.178.125.65"]
[Date "1999.08.19"]
[Round "?"]
[White "VESta"]
[Black "Hossa"]
[Result "0-1"]
[WhiteElo "2208"]
[BlackElo "2537"]
[PlyCount "86"]

1. e4 c5 2. Nf3 d6 3. Bb5+ Bd7 4. Bxd7+ Qxd7 5. c4 Qg4 6. O-O Qxe4 7. d4 cxd4
8. Re1 Qg4 9. h3 Qd7 10. Nxd4 Nc6 11. Nc3 e6 12. Nf5 O-O-O 13. Ne3 Be7 14. a3
Nf6 15. b4 Ne5 16. Qe2 Qc6 17. Bb2 Kb8 18. Nb5 Qe4 19. f3 Qf4 20. Red1 a6 21.
Rd4 Nxf3+ 22. gxf3 Qg3+ 23. Ng2 axb5 24. cxb5 Qxh3 25. b6 Nh5 26. Qd1 d5 27.
Qa4 Ng3 28. Rc1 Ne2+ 29. Kf2 Nxc1 30. Qa7+ Kc8 31. Qa8+ Kd7 32. Qxb7+ Ke8 33.
Bxc1 Bf6 34. Qc6+ Kf8 35. Rg4 h5 36. Rg3 Qh2 37. b7 Bd4+ 38. Be3 Bxe3+ 39. Kxe3
Qxg3 40. Qc5+ Kg8 41. Qe7 d4+ 42. Kd3 Qxf3+ 43. Kc4 43... Rb8 {VESta resigns}
0-1

[Event "ICS rated blitz match"]
[Site "204.178.125.65"]
[Date "1999.08.19"]
[Round "?"]
[White "Hossa"]
[Black "Maup"]
[Result "1-0"]
[WhiteElo "2541"]
[BlackElo "2166"]
[PlyCount "123"]

1. d4 d6 2. e4 Nd7 3. Bd3 e6 4. Ne2 Ne7 5. O-O a6 6. c3 b6 7. Be3 Bb7 8. Qc2 h6
9. f3 g6 10. Nd2 Bg7 11. Nb3 Rb8 12. Rae1 Ra8 13. c4 Rb8 14. Qd2 Ra8 15. a4 a5
16. Rd1 Qc8 17. Rfe1 Qd8 18. Nc3 Qc8 19. Bf4 Qd8 20. Nb5 Nb8 21. Qe2 Qd7 22.
Qf2 Qd8 23. Qg3 Nc8 24. Rd2 Nc6 25. Be3 Nb4 26. Be2 Nc6 27. Qg4 N6e7 28. Bf4
Bc6 29. Nc3 Bb7 30. Rdd1 Bc6 31. Nc1 Bd7 32. Qg3 Bc6 33. Be3 Bb7 34. Nb3 Bc6
35. Nd2 Qd7 36. b3 Bb7 37. Qg4 Qd8 38. Ndb1 Na7 39. f4 Bc8 40. Qf3 Bb7 41. Qg3
Qd7 42. Bf3 Rb8 43. Nd2 Nac8 44. Qf2 Na7 45. Nb5 Nac6 46. d5 Nb4 47. Rf1 exd5
48. cxd5 O-O 49. Qg3 Kh7 50. Rc1 Rbc8 51. Bd4 Rg8 52. Bg4 f5 53. Bh3 Ba6 54.
Bxg7 Rxg7 55. Rc4 Bxb5 56. axb5 Rf8 57. Qh4 Qxb5 58. Rxc7 Rff7 59. Nf3 Ng8 60.
Ng5+ Kh8 61. Nxf7+ Rxf7 62. Rxf7 {Maup resigns} 1-0

[Event "ICS rated blitz match"]
[Site "204.178.125.65"]
[Date "1999.08.19"]
[Round "?"]
[White "Hossa"]
[Black "sivacash"]
[Result "1-0"]
[WhiteElo "2544"]
[BlackElo "2238"]
[PlyCount "77"]

1. d4 Nf6 2. c4 g6 3. Nc3 Bg7 4. e4 O-O 5. Bg5 d6 6. f3 c5 7. dxc5 dxc5 8. Qd3
Qxd3 9. Bxd3 Nc6 10. O-O-O Be6 11. Nd5 Bxd5 12. cxd5 Ne5 13. Be2 c4 14. Bxf6
Bxf6 15. f4 Nd7 16. d6 e5 17. g3 b5 18. Rd5 a6 19. Bg4 Nb6 20. Rd2 c3 21. bxc3
exf4 22. gxf4 Bxc3 23. Rd3 Na4 24. Bd1 Bg7 25. Bxa4 bxa4 26. e5 Bh6 27. Ne2
Rab8 28. Kc2 a3 29. Rxa3 Rfc8+ 30. Rc3 Re8 31. Rd1 f6 32. d7 Red8 33. e6 Kf8
34. Rh3 Bg7 35. Rxh7 Kg8 36. Rxg7+ Kxg7 37. e7 Rxd7 38. Rxd7 Kf7 39. Rd8 {
sivacash resigns} 1-0

[Event "ICS rated blitz match"]
[Site "204.178.125.65"]
[Date "1999.08.19"]
[Round "?"]
[White "sivacash"]
[Black "Hossa"]
[Result "0-1"]
[WhiteElo "2250"]
[BlackElo "2549"]
[PlyCount "25"]

1. e4 c5 2. Nf3 d6 3. d4 cxd4 4. Nxd4 Nf6 5. Nc3 e6 6. g4 d5 7. e5 Nfd7 8. f4
Bb4 9. Bd2 Qh4+ 10. Ke2 Qxg4+ 11. Kf2 Nxe5 12. Nxd5 exd5 13. Bxb4 {
sivacash resigns} 0-1

[Event "ICS rated blitz match"]
[Site "204.178.125.65"]
[Date "1999.08.19"]
[Round "?"]
[White "Hossa"]
[Black "sivacash"]
[Result "1-0"]
[WhiteElo "2554"]
[BlackElo "2245"]
[PlyCount "63"]

1. d4 Nf6 2. c4 g6 3. Nc3 Bg7 4. e4 d6 5. f3 O-O 6. Be3 e5 7. Nge2 c6 8. Qd2
Nbd7 9. O-O-O a6 10. Kb1 b5 11. Nc1 Re8 12. dxe5 dxe5 13. Nb3 Qc7 14. Bh6 bxc4
15. Bxc4 Nb6 16. Be2 Be6 17. Bxg7 Kxg7 18. Nc5 Bc4 19. Bxc4 Nxc4 20. Qd3 Nb6
21. Qd6 Qa7 22. N3a4 Nc4 23. Qd3 Nb6 24. Nxb6 Qxb6 25. Qc3 a5 26. g4 a4 27. Rd6
Ra5 28. Nd3 a3 29. Qxc6 Qe3 30. Re1 Qxf3 31. g5 Nxe4 32. Qxe4 {sivacash resigns
} 1-0

[Event "ICS rated blitz match"]
[Site "204.178.125.65"]
[Date "1999.08.19"]
[Round "?"]
[White "TheBorg"]
[Black "Hossa"]
[Result "1-0"]
[WhiteElo "2661"]
[BlackElo "2559"]
[PlyCount "139"]

1. d4 Nf6 2. c4 e6 3. Nf3 b6 4. Nc3 Bb7 5. Bg5 h6 6. Bh4 Bb4 7. Qd3 Bxc3+ 8.
Qxc3 g5 9. Bg3 Ne4 10. Qc2 Na6 11. e3 Qe7 12. a3 Nxg3 13. hxg3 O-O-O 14. c5
bxc5 15. Qa4 Qd6 16. dxc5 Nxc5 17. Qxa7 Nb3 18. Rd1 Qc5 19. Qa4 Qa5+ 20. Qxa5
Nxa5 21. Ne5 Rh7 22. Ng4 h5 23. b4 Nb3 24. f3 f5 25. Ne5 d6 26. Bc4 Re8 27. Bb5
Rf8 28. Nc6 Kd7 29. Na5+ c6 30. Nxb3 cxb5 31. Nc5+ Kc8 32. Rxd6 Kc7 33. Rxe6
Ra8 34. Nxb7 Rxa3 35. O-O Kxb7 36. Re5 Kb6 37. Rd1 Rb3 38. Rd6+ Kc7 39. Rdd5
Rxb4 40. Rxf5 Rb1+ 41. Kh2 b4 42. Rxg5 h4 43. Rc5+ Kd6 44. Rgd5+ Ke6 45. f4
hxg3+ 46. Kxg3 Rg7+ 47. Kf3 Rf1+ 48. Ke2 Ra1 49. f5+ Kf7 50. Rd7+ Kg8 51. Rxg7+
Kxg7 52. Rb5 Kf6 53. g4 Ra4 54. Rb6+ Ke5 55. Kf3 Kd5 56. f6 Kc5 57. f7 Ra8 58.
Rf6 Rf8 59. g5 b3 60. g6 b2 61. Rf5+ Kd6 62. Rb5 Ke7 63. Rxb2 Kf6 64. Rb6+ Kg7
65. Re6 Kh6 66. Re8 Kh5 67. Rxf8 Kg5 68. Rc8 Kh4 69. Rc5 Kh3 70. Rh5# {
Hossa checkmated} 1-0

[Event "ICS rated blitz match"]
[Site "204.178.125.65"]
[Date "1999.08.20"]
[Round "?"]
[White "Hossa"]
[Black "trumpler"]
[Result "0-1"]
[WhiteElo "2523"]
[BlackElo "2185"]
[PlyCount "90"]

1. d4 Nf6 2. c4 g6 3. Nc3 Bg7 4. e4 d6 5. f3 O-O 6. Be3 e5 7. Nge2 c6 8. Qd2
Nbd7 9. O-O-O a6 10. Kb1 b5 11. Nc1 Qc7 12. dxe5 dxe5 13. Bh6 Bb7 14. Bxg7 Kxg7
15. g4 Rad8 16. Qg5 h6 17. Qe3 Nb6 18. Rxd8 Rxd8 19. c5 Nbd7 20. Nd3 a5 21. Ne2
Ba6 22. h4 h5 23. g5 Ne8 24. Bh3 b4 25. Nec1 Nf8 26. f4 exf4 27. Nxf4 Qe5 28.
Bf1 Bxf1 29. Rxf1 Nc7 30. Nfd3 Qe7 31. Qg3 Nfe6 32. Ne5 Rf8 33. Nb3 a4 34. Nxc6
Qe8 35. Qe5+ Kg8 36. Nbd4 Nxd4 37. Ne7+ Kh7 38. Qxc7 Ne6 39. Qd6 Qb5 40. Rf6
Qe2 41. e5 b3 42. axb3 axb3 43. Rxf7+ Rxf7 44. Qd4 Qe1+ 45. Qd1 45... Qxd1# {
Hossa checkmated} 0-1

[Event "ICS rated blitz match"]
[Site "204.178.125.65"]
[Date "1999.08.20"]
[Round "?"]
[White "PostModernist"]
[Black "Hossa"]
[Result "0-1"]
[WhiteElo "2569"]
[BlackElo "2495"]
[PlyCount "188"]

1. Nf3 b6 2. g3 Bb7 3. Bg2 e6 4. O-O f5 5. d3 Be7 6. Nc3 Nf6 7. e4 fxe4 8. dxe4
O-O 9. e5 Nd5 10. Nxd5 Bxd5 11. b3 Bb7 12. Bf4 Bc5 13. Qd3 Rf5 14. Bh3 Rf8 15.
Ng5 g6 16. Ne4 Bxe4 17. Qxe4 Na6 18. Rad1 Qc8 19. Bh6 Re8 20. Qf3 Bf8 21. Bg5
Bg7 22. Bg2 Rb8 23. Qf4 Rf8 24. Qe3 Rf7 25. a3 Bf8 26. b4 d5 27. exd6 cxd6 28.
Bh3 Nc7 29. Rfe1 b5 30. Qxa7 Ra8 31. Qe3 Ra6 32. Bf4 Be7 33. Bxe6 Nxe6 34. Qxe6
Qc3 35. Ra1 g5 36. Bxg5 Bxg5 37. Qe8+ Kg7 38. Qxb5 Bd2 39. Reb1 Rxa3 40. Rxa3
Qxa3 41. Qe2 Bc3 42. Qg4+ Kf6 43. Kg2 Qa8+ 44. f3 Qe8 45. Qc4 Qe3 46. Rb3 Qd2+
47. Kh3 Qh6+ 48. Qh4+ Qxh4+ 49. Kxh4 Rc7 50. b5 Rc4+ 51. Kh3 Rc8 52. b6 Bd2 53.
Rd3 Bb4 54. b7 Rb8 55. Rb3 Bd2 56. Rb6 Ke5 57. f4+ Kd5 58. Kg4 Kc5 59. Rb3 Ba5
60. Rb1 Kc6 61. Kg5 Bb6 62. c4 Rxb7 63. Kh6 Kc5 64. Rb5+ Kxc4 65. Rb1 d5 66.
Rc1+ Kd3 67. Rd1+ Ke4 68. Rb1 d4 69. Rb4 Ke3 70. Rb5 d3 71. Re5+ Kf2 72. Rd5
Ke2 73. g4 d2 74. f5 Be3+ 75. g5 Rb4 76. Rxd2+ Kxd2 77. Kxh7 Bxg5 78. Kg6 Bd8
79. Kf7 Rb7+ 80. Ke6 Rb5 81. Kd7 Rxf5 82. Kxd8 Rf7 83. Kc8 Ke3 84. h3 Kf4 85.
h4 Kf5 86. Kd8 Kf6 87. Kc8 Ke6 88. Kd8 Rh7 89. h5 Rg7 90. Kc8 Kd6 91. Kb8 Kc6
92. h6 Rh7 93. Ka8 Kb6 94. Kb8 94... Rh8# {PostModernist checkmated} 0-1

[Event "ICS rated blitz match"]
[Site "204.178.125.65"]
[Date "1999.08.20"]
[Round "?"]
[White "Hossa"]
[Black "monkeys"]
[Result "1-0"]
[WhiteElo "2514"]
[BlackElo "2165"]
[PlyCount "82"]

1. d4 Nf6 2. c4 c5 3. d5 e5 4. Nc3 d6 5. e4 g6 6. Bd3 Bg7 7. Nge2 O-O 8. f3 a6
9. Bg5 h6 10. Be3 Nh5 11. Qd2 Kh7 12. O-O g5 13. Qd1 Nf4 14. Bxf4 gxf4 15. Qb3
Nd7 16. Qa3 Rb8 17. Bc2 b5 18. cxb5 axb5 19. b4 Qb6 20. Kh1 Rg8 21. bxc5 Nxc5
22. Qb4 Na6 23. Qb2 b4 24. Nd1 Nc5 25. Rc1 Ba6 26. Bb1 Bf6 27. Re1 Rg6 28. Rg1
Rbg8 29. Rc2 Nd3 30. Qb3 Nf2+ 31. Nxf2 Qxf2 32. Nxf4 Qxg1+ 33. Kxg1 exf4 34.
Qxb4 Bd3 35. Rd2 Bxb1 36. Qxb1 Bc3 37. Rc2 Bd4+ 38. Kf1 Ra8 39. Qb7 Ra3 40.
Qxf7+ Bg7 41. Rc8 41... Rf6 {monkeys resigns} 1-0

[Event "ICS rated blitz match"]
[Site "204.178.125.65"]
[Date "1999.08.20"]
[Round "?"]
[White "monkeys"]
[Black "Hossa"]
[Result "1-0"]
[WhiteElo "2161"]
[BlackElo "2518"]
[PlyCount "63"]

1. e4 c5 2. Nf3 d6 3. d4 cxd4 4. Nxd4 Nf6 5. Nc3 e6 6. Be2 d5 7. e5 Nfd7 8. f4
Nc6 9. Be3 Bb4 10. O-O Bxc3 11. bxc3 O-O 12. Bd3 Re8 13. Rb1 Qa5 14. Nb5 Rd8
15. Nd6 Qxc3 16. Bxh7+ Kxh7 17. Qh5+ Kg8 18. Qxf7+ Kh8 19. Rf3 Nf6 20. exf6
Qxf6 21. Rh3+ Qh6 22. Ne8 Rxe8 23. Rxh6+ gxh6 24. Qxe8+ Kg7 25. f5 exf5 26. Rb4
h5 27. Rh4 d4 28. Rxd4 Nxd4 29. Bxd4+ Kh6 30. h4 Bd7 31. Qf7 Rh8 32. Qg7# {
Hossa checkmated} 1-0

[Event "ICS rated blitz match"]
[Site "204.178.125.65"]
[Date "1999.08.20"]
[Round "?"]
[White "Hossa"]
[Black "bookbuilder"]
[Result "0-1"]
[WhiteElo "2490"]
[BlackElo "2651"]
[PlyCount "128"]

1. d4 d5 2. c4 e6 3. Nc3 dxc4 4. Nf3 Nd7 5. e4 Nb6 6. Bxc4 Nxc4 7. Qa4+ Bd7 8.
Qxc4 Nf6 9. Bg5 h6 10. Bxf6 gxf6 11. Rc1 Bd6 12. O-O Bf4 13. Rc2 a6 14. Ne2 Bd6
15. Rd1 Bb5 16. Qb3 b6 17. a4 Bxe2 18. Rxe2 Be7 19. Rc1 Bd6 20. Rc4 Qe7 21. a5
b5 22. Rc6 O-O 23. Qe3 Kg7 24. Rec2 Qd8 25. Rc1 Re8 26. Kh1 Re7 27. Qd2 Rd7 28.
b4 Qf8 29. Rb1 Kg8 30. Kg1 Qg7 31. Rb2 Kh7 32. Rbc2 Qf8 33. Ra2 Bxb4 34. Qd3
Kg8 35. Qe2 Qe7 36. Qe3 Kg7 37. Qc1 Ra7 38. Qf4 Rd6 39. Rc1 Rd8 40. Qg4+ Kh7
41. Raa1 c5 42. dxc5 Bxc5 43. Qh5 Bb4 44. Kh1 Rc7 45. Rcb1 Rc4 46. e5 Bc3 47.
Ra2 Rd5 48. Re2 Bxa5 49. Ra1 Qc7 50. Re3 Bc3 51. Rxa6 Bd2 52. Ra1 Bxe3 53. fxe3
Rxe5 54. Qh3 Rc1+ 55. Rxc1 Qxc1+ 56. Ng1 Rf5 57. g3 Rf1 58. Qxf1 Qxf1 59. g4 b4
60. h3 b3 61. Kh2 b2 62. Kg3 Qxg1+ 63. Kh4 Qxe3 64. Kh5 64... Qxh3# {
Hossa checkmated} 0-1

[Event "ICS rated blitz match"]
[Site "204.178.125.65"]
[Date "1999.08.20"]
[Round "?"]
[White "bookbuilder"]
[Black "Hossa"]
[Result "1-0"]
[WhiteElo "2660"]
[BlackElo "2481"]
[PlyCount "119"]

1. e4 c5 2. Nc3 Nc6 3. Nf3 e6 4. d4 cxd4 5. Nxd4 Bb4 6. Nxc6 Bxc3+ 7. bxc3 bxc6
8. Ba3 d5 9. Bd3 Qc7 10. O-O Nf6 11. exd5 cxd5 12. Qf3 Rb8 13. Rad1 e5 14. Qe2
Bg4 15. f3 Be6 16. Bb5+ Nd7 17. c4 d4 18. Rfe1 f6 19. f4 Qb6 20. Bxd7+ Bxd7 21.
fxe5 d3+ 22. Qf2 Qxf2+ 23. Kxf2 dxc2 24. exf6+ Kd8 25. Rd2 gxf6 26. Be7+ Kc8
27. Rxc2 Rg8 28. Rd2 Bc6 29. g3 f5 30. Re6 Be4 31. Bd6 Rb7 32. Ke3 a6 33. Bf4
a5 34. Re5 Rb4 35. Rc5+ Kb7 36. Rd7+ Kb6 37. Kd4 a4 38. Bc7+ Ka7 39. Ra5+ Kb7
40. Bd6+ Kc6 41. Raa7 Rxc4+ 42. Kxc4 Bd5+ 43. Kb4 Rc8 44. Bc5 Rb8+ 45. Kxa4 Rc8
46. Kb4 Rb8+ 47. Kc3 Kxc5 48. Ra5+ Kc6 49. Rdxd5 Rb1 50. Rxf5 Kb6 51. a4 Rc1+
52. Kb2 Rc4 53. Rab5+ Kc6 54. Rf6+ Kc7 55. Rh5 h6 56. Rhxh6 Kd7 57. Rf7+ Ke8
58. Ra7 Rc7 59. Rxc7 Kf8 60. Rh8# {Hossa checkmated} 1-0

[Event "ICS rated blitz match"]
[Site "204.178.125.65"]
[Date "1999.08.20"]
[Round "?"]
[White "Frank"]
[Black "Hossa"]
[Result "0-1"]
[WhiteElo "2175"]
[BlackElo "2473"]
[PlyCount "80"]

1. e4 c5 2. Nf3 d6 3. d4 cxd4 4. c3 dxc3 5. Nxc3 Bg4 6. Bc4 e6 7. O-O Nc6 8.
Be3 Nge7 9. h3 Bxf3 10. Qxf3 Qd7 11. Qe2 Ne5 12. Bb5 N5c6 13. Rfd1 a6 14. Ba4
Ng6 15. f4 Be7 16. f5 exf5 17. Nd5 fxe4 18. Nb6 Qd8 19. Nxa8 Qxa8 20. Rac1 Nge5
21. Bd4 f5 22. Bxe5 dxe5 23. Qc4 Rf8 24. Qe6 Rf6 25. Qg8+ Bf8 26. Qxh7 Qa7+ 27.
Kh1 b5 28. Bb3 Qb6 29. Qg8 Ne7 30. Qh7 Rh6 31. Rc8+ Nxc8 32. Qxf5 Nd6 33. Qxe5+
Be7 34. Qxg7 Rf6 35. Qg8+ Bf8 36. Qd5 Rf2 37. Qe6+ Kd8 38. a4 e3 39. a5 Qc6 40.
Qxe3 40... Qxg2# {Frank checkmated} 0-1

[Event "ICS rated blitz match"]
[Site "204.178.125.65"]
[Date "1999.08.20"]
[Round "?"]
[White "Hossa"]
[Black "MissSilicon"]
[Result "0-1"]
[WhiteElo "2478"]
[BlackElo "2662"]
[PlyCount "148"]

1. d4 Nf6 2. c4 e6 3. Nc3 Bb4 4. Bg5 h6 5. Bh4 c5 6. d5 Bxc3+ 7. bxc3 e5 8. Nf3
d6 9. Nd2 g5 10. Bg3 O-O 11. e4 Qa5 12. Qc2 Nh5 13. Be2 g4 14. Nb3 Qd8 15. Qc1
Kh7 16. Qd1 Nxg3 17. hxg3 Qg5 18. Qd2 Qg6 19. Na5 b6 20. Nb3 f5 21. exf5 Bxf5
22. Rh4 Nd7 23. O-O-O h5 24. Rdh1 Nf6 25. Kb2 a5 26. R1h2 Kg8 27. Kc1 a4 28.
Na1 Ne4 29. Qe3 Nxf2 30. Rxh5 Ne4 31. Bd3 Rae8 32. Bc2 Kg7 33. R2h4 Rh8 34.
Rxf5 Qxf5 35. Qxe4 Qxe4 36. Bxe4 Rxh4 37. gxh4 Rf8 38. Nc2 Rf4 39. Bd3 e4 40.
Be2 g3 41. Ne3 a3 42. h5 Kh6 43. Kd2 Kg5 44. Nf1 Rf2 45. Ke3 Rxg2 46. Nd2 Rg1
47. Nxe4+ Kf5 48. Nxd6+ Ke5 49. Ne4 g2 50. Nd2 Ra1 51. Nf3+ Kf6 52. h6 Rf1 53.
h7 Kg7 54. d6 Rxf3+ 55. Kxf3 g1=Q 56. d7 Qh1+ 57. Kg3 Qe1+ 58. Kf4 Qd2+ 59. Kg3
Qxd7 60. Bf3 Qd3 61. h8=R Qd6+ 62. Kh3 Qe6+ 63. Kg3 Kxh8 64. Bd5 Qe5+ 65. Kf3
Qxc3+ 66. Kg4 Qb2 67. Kf5 Qxa2 68. Kg5 Qf2 69. Bc6 a2 70. Be4 Qg3+ 71. Kf5 a1=Q
72. Ke6 Qgg7 73. Kd6 Qaf6+ 74. Kd5 74... Qg8# {Hossa checkmated} 0-1

[Event "ICS rated blitz match"]
[Site "204.178.125.65"]
[Date "1999.08.20"]
[Round "?"]
[White "Hossa"]
[Black "Zamok"]
[Result "0-1"]
[WhiteElo "2474"]
[BlackElo "2142"]
[PlyCount "122"]

1. d4 Nf6 2. c4 e6 3. Nc3 Bb4 4. Bg5 c5 5. d5 d6 6. e4 Qe7 7. Nge2 h6 8. Bxf6
Qxf6 9. Qd3 exd5 10. Qxd5 O-O 11. a3 Bxc3+ 12. Nxc3 Nc6 13. Be2 Be6 14. Qxd6
Rad8 15. Qxc5 Nd4 16. Bd1 Rc8 17. Qxa7 Bxc4 18. f3 Rfd8 19. Kf2 Qf4 20. Be2
Nxe2 21. Nxe2 Bxe2 22. b3 Rd2 23. Ke1 Rcc2 24. Qa8+ Kh7 25. Qa7 Bxf3 26. Qd4
Qxe4+ 27. Qxe4+ Bxe4 28. Rf1 Re2+ 29. Kd1 Rf2 30. Rxf2 Rxf2 31. Rc1 Rf1+ 32.
Kd2 Rxc1 33. Kxc1 Bxg2 34. Kd2 f5 35. Ke2 g5 36. a4 Bd5 37. b4 Kg6 38. Kf2 Kf6
39. a5 Ke5 40. Kg1 Kd4 41. b5 Kc5 42. a6 b6 43. a7 Kxb5 44. Kf2 Ka6 45. Ke2
Kxa7 46. Kf2 Kb7 47. Kf1 Kc6 48. Ke1 Kc5 49. Kf2 b5 50. Ke1 b4 51. Kd1 b3 52.
Kc1 f4 53. Kd2 f3 54. Kd3 b2 55. Kc2 f2 56. Kxb2 f1=Q 57. h3 Kd4 58. h4 Qc4 59.
hxg5 hxg5 60. Kb1 Qe2 61. Ka1 61... Qa2# {Hossa checkmated} 0-1

[Event "ICS rated blitz match"]
[Site "204.178.125.65"]
[Date "1999.08.20"]
[Round "?"]
[White "Hossa"]
[Black "knightmare51"]
[Result "1-0"]
[WhiteElo "2446"]
[BlackElo "2173"]
[PlyCount "105"]

1. d4 Nf6 2. c4 g6 3. Nc3 Bg7 4. Nf3 O-O 5. e4 d6 6. Bg5 h6 7. Bxf6 Bxf6 8. Be2
c5 9. d5 Bxc3+ 10. bxc3 Bg4 11. Rb1 b6 12. Qd2 Bxf3 13. Bxf3 Kg7 14. Bg4 Nd7
15. Qe2 Nf6 16. Bh3 e6 17. Rd1 exd5 18. cxd5 Re8 19. f3 Nxe4 20. fxe4 Qh4+ 21.
Kd2 Rxe4 22. Qd3 c4 23. Qf1 Rae8 24. Kc1 Qg5+ 25. Kb2 Re2+ 26. Kb1 Qe3 27. Qf3
Qc5 28. Rd2 R2e3 29. Qf2 Qb5+ 30. Ka1 Qa5 31. Rc1 Rd3 32. Rxd3 cxd3 33. Qd4+
Re5 34. Rd1 Qa3 35. Qxd3 f5 36. Qd4 b5 37. Rb1 a6 38. Rd1 a5 39. Rb1 b4 40.
cxb4 axb4 41. Rxb4 h5 42. Kb1 Kh6 43. Qd2+ Kg7 44. g3 Qf3 45. Bg2 Qa3 46. Rb3
Qa7 47. h4 Qg1+ 48. Kc2 Re1 49. Rb7+ Kf6 50. Qg5+ Ke5 51. Qf4+ Kf6 52. Qxd6+
Re6 53. Qxe6# {knightmare51 checkmated} 1-0